Las autonomias territoriales y el principio de uniformidad de las condiciones de vida (Registro nro. 5976)

Detalles MARC
000 -LEADER
fixed length control field 01823 a2200217 4500
001 - CONTROL NUMBER
control field 55711
005 - DATE AND TIME OF LATEST TRANSACTION
control field 20260407155829.0
008 - FIXED-LENGTH DATA ELEMENTS--GENERAL INFORMATION
fixed length control field 260407a1988 arg spa d
003 - CONTROL NUMBER IDENTIFIER
control field AR-UNSa-BCEJYS
040 ## - CATALOGING SOURCE
Original cataloging agency AR-UNSa-BCEJYS
Language of cataloging spa
Transcribing agency AR-UNSa-BCEJYS
080 ## - UNIVERSAL DECIMAL CLASSIFICATION NUMBER
Universal Decimal Classification number 342.25
Common auxiliary subdivision Centralización y descentralización. Autonomía regional. Transferencia de poderes. Autonomía local (Home rule). Órganos locales del gobierno central
020 ## - INTERNATIONAL STANDARD BOOK NUMBER
International Standard Book Number 84-7088-462-X
041 ## - LANGUAGE CODE
Language code of text/sound track or separate title spa
100 1# - MAIN ENTRY--PERSONAL NAME
Personal name Baño Leon, José María
245 10 - TITLE STATEMENT
Title Las autonomias territoriales y el principio de uniformidad de las condiciones de vida
264 #1 - PRODUCTION, PUBLICATION, DISTRIBUTION, MANUFACTURE, AND COPYRIGHT NOTICE
Place of production, publication, distribution, manufacture Madrid :
Name of producer, publisher, distributor, manufacturer Instituto Nacional de Administración Pública (INAP)
Date of production, publication, distribution, manufacture, or copyright notice 1988
300 ## - PHYSICAL DESCRIPTION
Extent 360 p.
Dimensions 21 cm.
505 ## - FORMATTED CONTENTS NOTE
Formatted contents note Introducción – Titulo Primero: La uniformidad de condiciones de vida en la república federal alemana: 1. La uniformidad de las condiciones de vida en el constitucionalismo alemán – 2. Las manifestaciones de la uniformidad de las condiciones de vida en la “Grundgestz” – 3. Perspectivas y límites de la uniformidad de condiciones de vida en el moderno federalismo – Titilo II: El principio de uniformidad de las condiciones de vida en el estado de las autonomías – 1. Los caracteres del estado de las autonomías – 2. Delimitaciones del principio de uniformidad de las condiciones de vida en la constitución española – 3. Las reglas constitucionales determinantes de una uniformidad fundamental – 4. Desarrollo del principio de uniformidad de las condiciones de vida en la Constitución – 5. El principio de uniformidad de las condiciones de vida en la financiación de las comunidades autónomas – 4. La aplicación de la uniformidad de condiciones de vida por el tribunal constitucional
590 ## - LOCAL NOTE (RLIN)
Local note niveau_biblio:m niveau_hierar:0
942 ## - ADDED ENTRY ELEMENTS (KOHA)
Koha item type
Existencias
Withdrawn status Lost status Damaged status Not for loan Home library Current library Shelving location Date acquired Total checkouts Full call number Barcode Date last seen Price effective from Koha item type
        Biblioteca Prof. Eusebio Cleto del Rey Biblioteca Prof. Eusebio Cleto del Rey   07/04/2026   342.25 B212 L58225 07/04/2026 07/04/2026 Libro